ბათუმის შოთა რუსთაველის სახელმწიფო უნივერსიტეტის ბიბლიოთეკა

არმაზის პიტიახშთა ნეკროპოლში აღმოჩენილი ნივთების მხატვრული დახასიათების ცდა = Опыт художествнной характеристики предметов из раскопок некрополя питиахшей в Армазии / (ბიბ.ჩანაწერი № 59781)

000 -ლიდერი
ფიქსირებული სიგრძის საკონტროლო ველი 02625nam a22002897a 4500
003 - საკონტროლო ნომრის იდენტიფიკატორი
საკონტროლო ველი Ge_BSU
005 - ბოლო ოპერაციის თარიღი და დრო
საკონტროლო ველი 20230418101449.0
008 - ფიქსირებული სიგრძის მონაცემთა ელემენტები - ზოგადი ინფორმაცია
ფიქსირებული სიგრძის საკონტროლო ველი 230418s2007 ge ||||| |||| 00| 0 geo d
041 ## - ენის კოდი
Language code of text/sound track or separate title geo
080 ## - უნივერსალური ათობითი კლასიფიკაციის ინდექსი
Universal Decimal Classification number 902.2(479.221.11)+739.1(479.22) ჩ-89
100 ## - მთავარი ჩანაწერი - პიროვნების სახელი
Personal name ჩუბინაშვილი, გიორგი
9 (RLIN) 17645
245 ## - ცნობა სათაურის შესახებ
Title არმაზის პიტიახშთა ნეკროპოლში აღმოჩენილი ნივთების მხატვრული დახასიათების ცდა = Опыт художествнной характеристики предметов из раскопок некрополя питиахшей в Армазии /
Statement of responsibility, etc გიორგი ჩუბინაშვილი ; [ტექსტი ქართ. თარგმნა და გამოსაც. მოამზადა კიტი მაჩაბელმა (რედ.) ; ფოტ.: ო. ქობალიანი; ყდის დიზაინი გ. ბაგრატიონი; ფოტო ო. ქობალიანი და სხვ.] ; საქ. კულტ., ძეგლთა დაცვისა და სპორტის სამინ., ქართ. ხელოვნ. ისტ. და ძეგლთა დაცვის ეროვნ. ცენტრი.
264 ## - წარმოების, გამოცემის, დისტრიბუციის და სხვა ცნობები
გამოცემის, წარმოების, დისტრიბუციის... ადგილი თბილისი :
გამოცემის, წარმოების, დისტრიბუციის... სახელწოდება [ნეკერი],
გამოცემის, წარმოების, დისტრიბუციის... თარიღი 2007.
300 ## - ფიზიკური აღწერა
Extent 188 გვ. :
Other physical details 38 ილ. ;
Dimensions 25 სმ.
500 ## - ზოგადი შენიშვნა
General note ტექსტი ქართ. და რუს. ენ.
501 ## - შენიშვნა თანმხლებ მასალაზე
With note არმაზის საგანძური
653 ## - INDEX TERM--UNCONTROLLED
Uncontrolled term არქეოლოგიური გათხრები მცხეთაში
653 ## - INDEX TERM--UNCONTROLLED
Uncontrolled term ნეკროპოლები საქართველოში
653 ## - INDEX TERM--UNCONTROLLED
Uncontrolled term ლითონის ნაკეთობანი
653 ## - INDEX TERM--UNCONTROLLED
Uncontrolled term ქართული ოქრომჭედლობა
700 ## - ADDED ENTRY--PERSONAL NAME
Personal name მაჩაბელი, კიტი
Relator term მთარგმნელი
9 (RLIN) 8335
700 ## - ADDED ENTRY--PERSONAL NAME
Personal name მაჩაბელი, კიტი
Relator term რედაქტორი
9 (RLIN) 8335
700 ## - ADDED ENTRY--PERSONAL NAME
Personal name ბაგრატიონი, გიორგი
Relator term ყდის დიზაინი
9 (RLIN) 17646
700 ## - ADDED ENTRY--PERSONAL NAME
Personal name ქობალიანი, ო.
Relator term ფოტო
9 (RLIN) 17647
710 ## - ADDED ENTRY--CORPORATE NAME
Corporate name or jurisdiction name as entry element საქ. კულტ., ძეგლთა დაცვისა და სპორტის სამინისტრო
Subordinate unit ქართ. ხელოვნ. ისტ. და ძეგლთა დაცვის ეროვნ. ცენტრი.
9 (RLIN) 17648
942 ## - ADDED ENTRY ELEMENTS (KOHA)
Source of classification or shelving scheme
Koha item type წიგნი
ეგზემპლარები
ჩამოწერის სტატუსი დაკარგული ეგზემპლარის სტატუსი კლასიფიკაციის წყარო ან თაროზე გაწყობის სქემა დაზიანების სტატუსი არ გაიცემა მუდმივი მდებარეობა (დაცვის ადგილი) ამჟამინდელი ადგილსამყოფელი თაროზე განთავსების ადგილი შეძენის თარიღი ღირებულება, შესყიდვის ნორმალური ფასი სრული შენახვის შიფრი შტრიხკოდი ბოლო ოპერაციის თარიღი ეგზემპლარის მიმდევრობითი ნომერი (კეტერი?) Uniform Resource Identifier ფასის ძალაში შესვლის თარიღი ეგზემპლარის სახეობა საჯარო შენიშვნა
          ბათუმის შოთა რუსთაველის სახელმწიფო უნივერსიტეტის მთავარი ბიბლიოთეკა ბათუმის შოთა რუსთაველის სახელმწიფო უნივერსიტეტის მთავარი ბიბლიოთეკა წიგნსაცავი 2023-04-18 10.00 902.2(479.221.11)+739.1(479.22) ჩ-89 64229 2023-04-18 64229 ბსუ-ს საპატიო დოქტორის გურამ ლორთქიფანიძის საჩუქარი 2023-04-18 წიგნი 10 ლ.